000 00313nam a22001337a 4500
008 170925b xxu||||| |||| 00| 0 eng d
020 _a9781882982325
041 _aeng
080 _a37
100 _a46
101 _aEDU
245 _aDEVELOPMENT COMPRESIVE FACULTY SYSTEM
_cARREOLA.R.A
942 _2udc
_cBK
999 _c29544
_d29544